| 000 | 00697nam a22002297a 4500 | ||
|---|---|---|---|
| 003 | CHAP | ||
| 005 | 20220329134047.0 | ||
| 008 | 971013s r 00010 d | ||
| 010 | _a14803 | ||
| 011 | _a15775 | ||
| 035 | _a19852 | ||
| 040 | _cCHAP | ||
| 082 |
_a634.907 _bG73 1956 |
||
| 110 |
_aGran Bretaña. Department of Scientific and Industrial Research _950310 |
||
| 245 | _aForest products research 1956 | ||
| 250 | _aBosques - Investigación%Bosques - Gran Bretaña | ||
| 260 |
_aLondon : _bHer Majesty |
||
| 590 |
_aCONVERSION _b10 _c20130109 _lUCH01 _h1309 |
||
| 901 | _aBK | ||
| 942 | _cLIBRO | ||
| 949 |
_a634.907 G73 1956 _bBC _cLIBRO _d33724000661286 _eLIBRO _h23461 _i19852 _si _t14.00 |
||
| 999 |
_c14803 _d14803 |
||